000 00573nam a22001937a 4500
005 20251108165420.0
008 250721s1989 xx 000 0 ara d
082 1 4 _aم/929.97/باش
100 1 _aالباشا، حسن
245 1 0 _aالألقاب الإسلامية في التاريخ و الوثائق و الآثار /
264 1 _aالقاهرة :
_bالدار الفنية،
_c1989.
300 _a577ص
650 1 7 _aالألقاب
650 1 7 _aالقواميس
650 1 7 _aالعرب
650 1 7 _aالتاريخ
942 _2ddc
_cREF
999 _c27375
_d27375